| 000 | 00726nam a22002057a 4500 | ||
|---|---|---|---|
| 005 | 20230126032131.0 | ||
| 008 | 230123b |||||||| |||| 00| 0 eng d | ||
| 020 | _a978-621-8070-28-8 | ||
| 082 | _aFil. 411 Ig24 2008 | ||
| 100 |
_aIgnacio, Vanessa N., _eauthor. |
||
| 245 |
_aEnglish for academic and professional purposes / _cVanessa N. Ignacio, Michael A.Dar Santos, Rica delos Reyos - Ancheta. |
||
| 250 | _a1st ed. | ||
| 260 |
_aManila : _bFastbooks Educational Supply, _cc2018. |
||
| 300 |
_a2019p,; _bill. |
||
| 541 | _e6200 c.1, 6201 c.2, 6202 c.3, 6203 c.4 | ||
| 650 | _aWriting | ||
| 650 |
_aEnglish language _xStudy and teaching |
||
| 700 |
_aDar Santos, Michael A., _eauthor. |
||
| 700 |
_aAncheta, Rica D., _eauthor. |
||
| 999 |
_c600 _d600 |
||